L'éclairage à Paris . (Record no. 158718)
[ view plain ]
| 000 -LEADER | |
|---|---|
| campo de control de longitud fija | 00933nam a2200205 i 4500 |
| 001 - NÚMERO DE CONTROL | |
| campo de control | 158718 |
| 003 - IDENTIFICADOR DE NÚMERO DE CONTROL | |
| campo de control | ES-MaACL |
| 005 - FECHA Y HORA DE LA ÚLTIMA TRANSACCIÓN | |
| campo de control | 20251111063350.0 |
| 008 - DATOS DE LONGITUD FIJA--INFORMACIÓN GENERAL | |
| campo de control de longitud fija | 950418s1894 fr a |||| | fre d |
| 080 ## - NÚMERO DE LA CLASIFICACIÓN DECIMAL UNIVERSAL | |
| Número de la Clasificación Decimal Universal | 628 |
| 100 1# - ENTRADA PRINCIPAL--NOMBRE DE PERSONA | |
| Nombre de persona | Maréchal, Henri, |
| Fechas asociadas al nombre | n. 1859 |
| 9 (RLIN) | 129674 |
| 245 12 - MENCIÓN DEL TÍTULO | |
| Título | L'éclairage à Paris . |
| Resto del título | étude technique des divers modes d'éclairage employés à Paris sur la vie publique, dans les promenades et jardins, dans les monuments, les gares, les théatres, les grands magasins, etc. et dans les maisons particulières / |
| Mención de responsabilidad, etc. | par Henri Maréchal. |
| 260 ## - PUBLICACIÓN, DISTRIBUCIÓN, ETC. | |
| Lugar de publicación, distribución, etc. | Paris : |
| Nombre del editor, distribuidor, etc. | Librairie polytechnique Baudry et Cie, |
| Fecha de publicación, distribución, etc. | 1894. |
| 300 ## - DESCRIPCIÓN FÍSICA | |
| Extensión | VIII, 496 p., [2] h. de lám. : |
| Otras características físicas | il. ; |
| Dimensiones | 28 cm. |
| 597 ## - NOTA DE DESCRIPCIÓN FÍSICA | |
| NOTA DE DESCRIPCIÓN FÍSICA | Junto con VI p. de propaganda editorial. |
| 650 ## - PUNTO DE ACCESO ADICIONAL DE MATERIA--TÉRMINO DE MATERIA | |
| Término de materia o nombre geográfico como elemento de entrada | Alumbrado público- |
| Subdivisión geográfica | París. |
| 9 (RLIN) | 135555 |
| 650 ## - PUNTO DE ACCESO ADICIONAL DE MATERIA--TÉRMINO DE MATERIA | |
| Término de materia o nombre geográfico como elemento de entrada | Alumbrado de gas- |
| Subdivisión geográfica | París. |
| 9 (RLIN) | 149688 |
| 852 4# - LOCALIZACIÓN | |
| Ubicación | ES-MaACL |
| Número de control de estantería | B-11117 |
| Nota libre | - Enc. tela |
| Estatus retirado | Estado de pérdida | Estado de daño | No para préstamo | Colección | Biblioteca de origen | Biblioteca actual | Ubicación en estantería | Fecha de adquisición | Fuente de adquisición | Total de préstamos | Signatura topográfica completa | Código de barras | Visto por última vez | Precio de reemplazo | Tipo de ítem Koha |
|---|---|---|---|---|---|---|---|---|---|---|---|---|---|---|---|
| Libros del s. XIX | Biblioteca del Ateneo de Madrid | Biblioteca del Ateneo de Madrid | Sala Pardo Bazán | 17/01/2008 | B-11117 | 1166127 | 23/02/2023 | 23/02/2023 | Libro impreso antiguo |
